Tabele reprezentacji Polski w piłce nożnej od 2021 - Statystyki

Ogólne statystyki
  • Ten quiz został rozwiązany 108 razy
    18 od ostatniego zresetowania
  • Średni wynik to 23 z 36
Statystyki odpowiedzi
Turniej Miejsce Reprezentacja Punkty Bramki % Poprawnych
2. Polska 20 30:11
100%
El. MŚ 2022 1. Anglia 26 39:3
82%
3. Holandia 4 4:4
76%
4. Polska 1 4:6
76%
3. Polska 7 6:12
76%
2. Polska 4 2:2
76%
4. Polska 1 3:6
76%
4. Arabia Saudyjska 3 3:5
71%
MŚ 2022 1. Argentyna 6 5:2
71%
Euro 2024 1. Austria 6 6:4
71%
3. Finlandia 10 8:14
71%
LN 2022/23 1. Holandia 16 14:6
71%
El. MŚ 2026 1. Holandia 20 27:4
71%
4. Malta 5 4:19
71%
3. Meksyk 4 2:3
71%
4. Polska 4 9:16
71%
2. Polska 17 14:7
71%
5. Litwa 3 6:15
65%
3. Polska 11 10:10
65%
2. Francja 5 2:1
59%
2. Hiszpania 5 6:1
59%
LN 2024/25 1. Portugalia 14 13:5
59%
3. Słowacja 3 2:7
59%
Euro 2020 1. Szwecja 7 4:2
59%
2. Belgia 10 11:8
53%
2. Czechy 15 12:6
53%
3. Szkocja 7 7:8
53%
4. Walia 1 6:11
53%
3. Albania 18 12:12
47%
El. Euro 2024 1. Albania 15 12:4
47%
6. San Marino 0 1:46
47%
5. Andora 6 8:24
41%
2. Chorwacja 8 8:8
41%
4. Mołdawia 10 7:10
41%
4. Węgry 17 19:13
41%
5. Wyspy Owcze 2 2:13
41%
Nie znaleziono quizów pasujących do podanych kryteriów
Rozkład punktacji
Procent ludzi z każdym wynikiem
Percentyl według liczby udzielonych odpowiedzi
Twoja historia wyników
Nie rozwiązałeś tego quizu od ostatniego zresetowania